Pháp quyền nhân nghĩa Hồ Chí Minh
Uloženo v:
| Hlavní autor: | |
|---|---|
| Médium: | Kniha |
| Jazyk: | Undetermined |
| Vydáno: |
Hà Nội
VHTT
2001
|
| Témata: | |
| Tagy: |
Přidat tag
Žádné tagy, Buďte první, kdo otaguje tento záznam!
|
| Thư viện lưu trữ: | Trung tâm Học liệu Trường Đại học Cần Thơ |
|---|
| LEADER | 00487nam a2200169Ia 4500 | ||
|---|---|---|---|
| 001 | CTU_46596 | ||
| 008 | 210402s9999 xx 000 0 und d | ||
| 082 | |a 335.4346 | ||
| 082 | |b H420 | ||
| 100 | |a Vũ, Đình Hòe | ||
| 245 | 0 | |a Pháp quyền nhân nghĩa Hồ Chí Minh | |
| 245 | 0 | |c VŨ ĐÌNH HÒE | |
| 260 | |a Hà Nội | ||
| 260 | |b VHTT | ||
| 260 | |c 2001 | ||
| 650 | |a communists - vietnam - biography | ||
| 980 | |a Trung tâm Học liệu Trường Đại học Cần Thơ | ||